Presidentes Constitucionales de Uruguay por foto - Estadísticas

Estadísticas generales
  • Esta prueba ha sido intentada 4 veces
  • La puntuación promedio es 18 de 38
Estadísticas de respuestas
Imagen Respuesta % Correcto
José Mujica
100%
Luis Alberto Lacalle de Herrera
100%
Luis Lacalle Pou
100%
Tabaré Vázquez
100%
Yamandú Orsi
100%
Baltasar Brum
67%
Fructuoso Rivera
67%
Jorge Batlle
67%
Jorge Pacheco Areco
67%
José Batlle y Ordoñez
67%
Juan María Bordaberry
67%
Julio María Sanguinetti
67%
Lorenzo Latorre
67%
Maximo Santos
67%
Oscar Gestido
67%
Alfredo Baldomir
33%
Andrés Mártinez Trueba
33%
Bernardo Berro
33%
Feliciano Viera
33%
Gabriel Antonio Pereira
33%
Gabriel Terra
33%
José Ellauri
33%
José Serrato
33%
Juan Campisteguy
33%
Juan José de Amézaga
33%
Julio Herrera y Obes
33%
Lorenzo Batlle
33%
Luis Batlle Berres
33%
Manuel Oribe
33%
Maximo Tajes
33%
Pedro Varela
33%
Tomás Berreta
33%
Venancio Flores
33%
Claudio Williman
0%
Francisco Antonino Vidal
0%
Juan Francisco Giró
0%
Juan Idiarte Borda
0%
Juan Lindolfo Cuestas
0%
No se encontraron pruebas coincidentes
Distribución de puntuación
Porcentaje de gente con cada puntuación
Porcentaje por número respondido
Historial de tus puntuaciones
No has intentado esta prueba.